Manual para ingenieros y técnicos en electrónica: (Registro nro. 13066)
[ vista simple ]
| 000 -LIDER | |
|---|---|
| fixed length control field | 00826nam a2200229 4500 |
| 003 - IDENTIFICACDOR DE NÚMERO DE CONTROL | |
| control field | DO-SdBNP |
| 005 - DATE AND TIME OF LATEST TRANSACTION | |
| control field | 20231130110536.0 |
| 008 - ELEMENTOS DE LONGITUD FIJA | |
| fixed length control field | 171124b 1982 mx || 00| 0 spa d |
| 020 ## - ISBN | |
| International Standard Book Number | 0070333920 |
| 040 ## - FUENTE DE CATALOGACIÓN | |
| Agencia que crea de manera original el registro | BPMSU |
| Idioma de catalogación | spa |
| Agencia que realiza la transcripción | BPMSU |
| 082 #4 - NÚMERO DE CLASIFICACIÓN DECIMAL DE DEWEY | |
| Classification number | 621.381 |
| Item number | K21m 1982 |
| Edition number | 22 |
| 100 1# - ASIENTO PRINCIPAL -- NOMBRE PERSONAL | |
| Nombre personal | Kaufman, Milton |
| 245 1# - MENCIÓN DE TITULO | |
| Título | Manual para ingenieros y técnicos en electrónica: |
| Subtítulo | diagramas, curvas, tablas y gráficos / |
| Mención de responsabilidad | Milton Kaufman ; Arthur H. Seidman ; traducción Agustin Contin Sanz ; revisión técnica : Francisco Hernández Rangel. |
| 260 ## - PUBLICACIÓN, DISTRIBUCIÓN, ETC. (PIE DE IMPRENTA) | |
| Lugar de publicación, distribución, etc | México, D.F.: |
| Nombre del editor, distribuidor, etc. | McGraw-Hill, |
| Fecha de publicación, distribución, etc | 1982 |
| 300 ## - DESCRIPCIÓN FÍSICA | |
| Extensión | 1v. |
| 650 #4 - ENCABEZAMIENTO DE MATERIA--TEMÁTICO | |
| Término temático o nombre geográfico como elemento de entrada | Electronica |
| Subdivisión de forma | Manuales |
| 650 #4 - ENCABEZAMIENTO DE MATERIA--TEMÁTICO | |
| Término temático o nombre geográfico como elemento de entrada | Electrónica |
| Subdivisión de forma | Métodos gráficos |
| 700 1# - ASIENTO SECUNDARIO -- NOMBRE PERSONAL | |
| Nombre personal | Seidman, Arthur H. |
| 700 ## - ASIENTO SECUNDARIO -- NOMBRE PERSONAL | |
| Nombre personal | Contin Sanz, Agustín |
| Mención de responsabilidad | trad. |
| 910 ## - VALIDACIÓN | |
| Validación | VMateo V. Control de calidad.BPMSU |
| 942 ## - ADDED ENTRY ELEMENTS (KOHA) | |
| Source of classification or shelving scheme | Dewey Decimal Classification |
| Koha item type | Libros |
| Withdrawn status | Lost status | Source of classification or shelving scheme | Damaged status | Not for loan | Collection code | Home library | Current library | Date acquired | Total Checkouts | Full call number | Barcode | Date last seen | Price effective from | Koha item type |
|---|---|---|---|---|---|---|---|---|---|---|---|---|---|---|
| Dewey Decimal Classification | Colección General | Biblioteca Pública Metropolitana Salomé Ureña | Biblioteca Pública Metropolitana Salomé Ureña | 11/24/2017 | BPMSU CG 621.381 K21m 1982 | BPMSU17110401 | 11/24/2017 | 11/24/2017 | Libros | |||||
| Dewey Decimal Classification | Colección General | Biblioteca Pública Metropolitana Salomé Ureña | Biblioteca Pública Metropolitana Salomé Ureña | 11/24/2017 | BPMSU17110402 | 11/24/2017 | 11/24/2017 | Libros |